Termický rozklad uhľovodíkových surovín

Salvato in:
Dettagli Bibliografici
Autore principale: Hájeková, Elena
Natura: Libro
Lingua:slovacco
Pubblicazione: Bratislava FCHPT STU 2011
Accesso online:Visualizza in OPAC
Tags: Aggiungi Tag
Nessun Tag, puoi essere il primo ad aggiungerne!!

MARC

LEADER 00000nam a2200000 a 4500
005 20260127134059.0
008 120320 2011 xo 000 0 slo d
035 |a vtls010348235 
039 9 |a 201203201024  |b mschk03  |y 201203201015  |z mschk03 
040 |a STUSCHK1  |b slo  |c STUSCHK1  |e AACR2 
100 1 |a Hájeková, Elena 
245 1 |a Termický rozklad uhľovodíkových surovín  |c Elena Hájeková 
260 |a Bratislava  |b FCHPT STU  |c 2011 
300 |a 48 s.  |b il.  |c 30 cm + príloha 
500 |a Obháj.: 7.10. 2011 
500 |a Fakulta chemickej a potravinárskej technológie STU, Odd. technológie ropy a petrochémie 
500 |a Habilitačná práca 
500 |a Študijný odbor: 5.2.18 chemické technológie 
910 |a SCHK95 
999 |c 3620  |d 3620